Statistiques concernant Quel est cet animal? #2

Cliquez ici pour prendre le quiz!

Statistiques générales

  • Ce quiz a été pris 294 fois
  • Le résultat moyen est 10 sur 16

Statistiques - réponses

Réponse% Correct
Koala
95%
Perroquet
95%
Kangourou
91%
Lynx
88%
Guépard
82%
Iguane
80%
Salamandre
74%
Yack
74%
Béluga/Baleine blanche
62%
Cigogne
62%
Varan de Komodo/Dragon de Komodo
59%
Gazelle
49%
Coyote
48%
Chamois
47%
Galago
3%
Numbat
3%

Distribution des résultats

Percentile par nombre de réponses

% des personnes avec chaque résultat

Votre développement - résultats

Vous n’avez pas pris ce quiz